[Event "47th GER-ch Blitz 2020"]
[Site "Magdeburg"]
[Date "2020.08.15"]
[Round "12.15"]
[White "Ehmann, Thilo"]
[Black "Baskin, Robert"]
[Result "0-1"]
[WhiteElo "2329"]
[BlackElo "2390"]
[Annotator "TA"]
[PlyCount "60"]
[EventDate "2020.07.28"]
[EventType "tourn"]
[EventCountry "GER"]
[SourceTitle "playchess.com"]
[Source "ChessBase"]
[SourceQuality "1"]

{[%evp 20,60,25,22,13,20,9,16,22,12,21,24,25,-26,-19,-19,0,-116,-123,-171,-164,-274,-261,-257,-109,-219,-97,-170,-151,-341,-351,-622,-632,-810,-819,-1120,-1120,-1095,-1086,-1289,-1294,-2410,-2118]} 1. e4 e5 2. Nf3 Nc6 3. Bb5 a6 4. Ba4 Nf6 5. O-O Be7 6. Re1 b5 7. Bb3 d6 8. c3 O-O 9. h3 Bb7 10. d4 Nd7 11. Nbd2 {[%cal Bb1d2,Bd2f1,Bf1g3][%mdl 32]} exd4 {C92: Closed Ruy Lopez: 9...Be6, Karpov and Flohr-Zaitsev Variations.} 12. cxd4 Re8 13. Nf1 Na5 {[%cal Bc6a5,Ba5c4,Bc4b2][%mdl 32] The position is equal.} 14. Bc2 Bf6 15. Ng3 g6 $1 16. a4 (16. Rb1 $142) 16... c5 $11 17. Bf4 cxd4 {[#]} 18. Bxd6 $146 (18. axb5 $11 {keeps the balance.} Nc4 19. bxa6 Bxa6 20. Bc1) ({Predecessor:} 18. Nxd4 Qb6 19. Nf3 Bxb2 20. Rb1 Bc3 21. Be3 Nc5 22. Ng5 Bxe1 23. Qf3 Qc7 24. Rxe1 {0-1 (31) Zhang,L (2203)-Gu,T (2239) Zibo 2019}) 18... Nc4 $17 {[%mdl 64] Double Attack} 19. Bf4 Nxb2 20. Qd2 (20. Qb1 $142 d3 21. Bb3) 20... Nc4 $19 ({Don't take} 20... Nxa4 21. Bxa4 bxa4 22. Qb4 $17) ({Weaker is} 20... bxa4 21. Rab1 $17) 21. Qb4 {[#]} Qe7 (21... d3 $1 $19 {[%cal Rd3c2][%mdl 512] has better winning chances.} 22. Bxd3 Bxa1) 22. Qb1 (22. Qxe7 $17 {only move.} Rxe7 23. axb5 axb5 24. Rxa8+ Bxa8 25. Bd3) 22... Bc6 (22... Na3 $19 23. Rxa3 Qxa3 24. axb5 Nc5) 23. Bd3 (23. axb5 $17 Bxb5 24. Bd3) 23... Nc5 $36 {[%mdl 2048] White is under strong pressure.} 24. e5 $2 {White does not recover from this.} (24. axb5 $17 {was worth a try.} axb5 25. Rxa8 Bxa8 26. Be2) 24... Bxf3 $1 25. Bxc4 $2 (25. gxf3 Bg5 26. Bxc4 bxc4 27. Qc1) 25... bxc4 {Black is clearly winning.} 26. Rc1 Bxe5 27. Re1 Nd3 28. Bxe5 Nxe5 29. Kf1 Bd5 30. f4 {[#]} Qf6 $1 {Accuracy: White = 30%, Black = 69%.} 0-1

[Event "47th GER-ch Blitz 2020"]
[Site "Magdeburg"]
[Date "2020.08.15"]
[Round "13.1"]
[White "Baskin, Robert"]
[Black "Donchenko, Alexander"]
[Result "0-1"]
[WhiteElo "2390"]
[BlackElo "2646"]
[Annotator "TA"]
[PlyCount "71"]
[EventDate "2020.07.28"]
[EventType "tourn"]
[EventCountry "GER"]
[SourceTitle "playchess.com"]
[Source "ChessBase"]
[SourceQuality "1"]

{[%evp 9,71,34,35,37,41,42,34,40,35,37,34,35,37,45,43,44,43,41,36,32,28,28,156,107,109,103,106,102,108,88,108,112,112,59,33,32,73,45,59,26,29,25,35,7,13,7,12,11,16,0,0,-38,-38,-139,-143,-135,-135,-133,-133,-235,-235,-295,-237,-273]} 1. e4 c6 2. Nc3 d5 3. Nf3 dxe4 4. Nxe4 Nf6 5. Qe2 Bf5 6. Nxf6+ {B11: Caro-Kann: Two Knights Variation.} gxf6 7. d3 c5 $5 {[%mdl 4] Exploring less charted territory.} 8. g3 {White is slightly better.} Nc6 9. Bg2 Qd7 10. Be3 {[#]} Nd4 $146 ({Predecessor:} 10... e5 11. O-O Bg4 12. c3 O-O-O 13. Rfd1 h5 14. b4 cxb4 15. cxb4 Kb8 16. b5 Ne7 {0-1 (31) Nilsen,T (2146)-Ovetchkin,R (2518) chess.com INT 2020}) 11. Qd1 Rc8 12. c3 Nxf3+ 13. Qxf3 b6 14. d4 Bg4 15. Qe4 Bh5 (15... cxd4 $11 {remains equal.} 16. Qxd4 e5 17. Qxd7+ Kxd7) 16. O-O cxd4 17. Bxd4 ({Don't do} 17. cxd4 Bg7 $14) 17... Bg7 18. Rfe1 e5 19. Qh4 Qg4 20. Qxg4 Bxg4 21. a4 (21. f4 $16) 21... O-O $14 22. Be3 Rb8 23. h3 Be6 24. Red1 Rfc8 25. Rd2 Bf8 26. a5 Bc5 27. axb6 Bxe3 28. fxe3 axb6 29. Ra7 Rd8 30. Rxd8+ Rxd8 $11 {[%mdl 4096] Endgame KRB-KRB} 31. Rb7 (31. Ra4 $15) 31... Rd1+ $17 32. Kh2 Rd2 {[#] Strongly threatening ...Bd5.} 33. Rb8+ Kg7 {Threatens to win with ...Bd5.} 34. Kh1 (34. Kg1 $17) 34... Rxb2 $19 35. h4 Rb3 36. Kh2 {Accuracy: White = 58%, Black = 81%.} 0-1

[Event "47th GER-ch Blitz 2020"]
[Site "Magdeburg"]
[Date "2020.08.15"]
[Round "13.2"]
[White "Barzen, Pascal"]
[Black "Ehmann, Thilo"]
[Result "0-1"]
[WhiteElo "2321"]
[BlackElo "2329"]
[Annotator "TA"]
[PlyCount "108"]
[EventDate "2020.07.28"]
[EventType "tourn"]
[EventCountry "GER"]
[SourceTitle "playchess.com"]
[Source "ChessBase"]
[SourceQuality "1"]

{[%evp 20,107,4,-11,-14,-22,-10,-28,-19,-34,-27,-83,-72,-77,-83,-80,-58,-77,-67,-75,-37,-48,-42,-271,-248,-246,-243,-266,-264,-368,-365,-395,-396,-668,-668,-641,-615,-706,-696,-681,-436,-441,-427,-641,-641,-1347,-1312,-1528,-1484,-1383,-762,-704,-623,-548,-465,-443,-435,-597,-560,-518,-471,-429,-434,-464,-456,-683,-681,-683,-666,-916,-908,-1147,-1111,-1190,-1237,-1111,-883,-1241,-1266,-5156,-1474,-1318,-1348,-1656,-1863,-1431,-1336,-29993,-29994,-29999]} 1. e4 c5 2. Nc3 g6 3. g3 Bg7 4. Bg2 Nc6 5. d3 d6 6. f4 e6 7. Nf3 Nge7 8. O-O O-O 9. Be3 Rb8 10. Bf2 Nd4 11. Qd2 Nxf3+ {B25: Closed Sicilian: 3 g3, lines without early Be3.} 12. Bxf3 Nc6 13. Nd1 b5 {Black has an edge.} 14. c3 b4 15. d4 (15. Ne3 $11) 15... bxc3 16. bxc3 cxd4 17. cxd4 {[#]} d5 $146 ({Predecessor:} 17... e5 18. fxe5 dxe5 19. d5 Nd4 20. Bg2 f5 21. Be3 fxe4 22. Rxf8+ Qxf8 23. Bxd4 exd4 24. Bxe4 {0-1 (30) McLean,J (2130)-Blees,A (2415) Isle of Man 1996}) 18. e5 Ba6 19. Re1 Re8 20. Ne3 Bf8 {...Bb4 is the strong threat.} 21. h4 $2 ({Better is} 21. Rec1 $15 Bb4 22. Qd1) 21... Bb4 $19 {[%mdl 64] [#] Skewer} 22. Qd1 Bxe1 23. Bxe1 Qb6 24. Bf2 Qxd4 25. Qc1 {Threatening Nxd5.} Qb2 26. Qd1 $2 (26. Nd1 Qxc1 27. Rxc1) 26... Nd4 27. Bg2 Ne2+ 28. Kh2 Nc3 29. Qe1 Ne4 30. Bxe4 dxe4 31. Ng4 (31. Rd1 $142) 31... Rec8 32. Nf6+ Kg7 33. Kh3 Rc2 34. Bg1 Re2 35. Qc1 Qxc1 36. Rxc1 Rxa2 37. h5 Rc8 38. Rd1 Bd3 39. g4 gxh5 40. Nxh5+ Kf8 41. Nf6 a5 {[%cal Ba7a5,Ba5a4,Ba4a3,Ba3a2][%mdl 32]} 42. Nxh7+ (42. Kg3 $142) 42... Ke7 43. Nf6 a4 44. g5 a3 45. Kg3 Rb2 46. Ra1 a2 47. Bd4 Re2 48. Ng4 Bb1 49. Ne3 {[#]} Rd8 (49... Rc3 $142 $1 {[%mdl 512]} 50. Bxc3 Rxe3+ {[%mdl 64] Double Attack} 51. Kf2 Rxc3) 50. Bc5+ Kd7 51. Nc4 Kc6 52. Bd6 Rh8 53. Na3 Rhh2 {[%csl Gh2][%cal Re2g2]} 54. Nxb1 Reg2# {White got outplayed after the opening. Accuracy: White = 36%, Black = 79%.} 0-1

[Event "47th GER-ch Blitz 2020"]
[Site "Magdeburg"]
[Date "2020.08.15"]
[Round "13.3"]
[White "Wichmann, Cliff"]
[Black "Braun, Georg"]
[Result "1-0"]
[WhiteElo "2305"]
[BlackElo "2360"]
[Annotator "TA"]
[PlyCount "29"]
[EventDate "2020.07.28"]
[EventType "tourn"]
[EventCountry "GER"]
[SourceTitle "playchess.com"]
[Source "ChessBase"]
[SourceQuality "1"]

{[%evp 9,29,59,62,-10,0,0,0,0,-2,-7,92,96,91,105,133,134,305,314,358,186,642,631]} 1. d4 Nf6 2. c4 c5 3. d5 b5 4. Nf3 g6 5. cxb5 a6 6. e4 {A57: Benko/Volga Gambit.} ({Better is} 6. b6 $14) 6... Nxe4 $11 7. Qc2 Nf6 8. Qxc5 {The position is equal.} Bg7 {[#]} 9. d6 $146 ({Predecessor:} 9. Nc3 d6 10. Qb4 O-O 11. Be3 axb5 12. Bxb5 Bb7 13. Qb3 Na6 14. O-O Qa5 15. Rad1 {0-1 (31) Perdomo,L (2304)-Giardelli,S (2437) Buenos Aires 2003}) 9... exd6 (9... O-O $11 {remains equal.}) 10. Qxd6 $16 Bb7 11. Nc3 $36 {[%mdl 2048] White has strong initiative.} Bf8 12. Qe5+ Be7 $2 {[#]} (12... Qe7 $16 {was necessary.} 13. Bg5 Bg7) 13. Bh6 $18 d6 14. Qd4 (14. Qf4 $142) 14... Qa5 $2 (14... Bf8) 15. Bg7 {[%mdl 64] Double Attack. Accuracy: White = 58%, Black = 30%.} 1-0

[Event "47th GER-ch Blitz 2020"]
[Site "Magdeburg"]
[Date "2020.08.15"]
[Round "13.4"]
[White "Zelbel, Patrick"]
[Black "Siebrecht, Sebastian"]
[Result "1/2-1/2"]
[WhiteElo "2448"]
[BlackElo "2429"]
[Annotator "TA"]
[PlyCount "75"]
[EventDate "2020.07.28"]
[EventType "tourn"]
[EventCountry "GER"]
[SourceTitle "playchess.com"]
[Source "ChessBase"]
[SourceQuality "1"]

{[%evp 11,75,66,66,44,46,54,76,40,58,47,83,27,29,10,135,150,151,124,125,133,122,118,127,106,109,108,264,257,311,89,141,139,137,129,153,120,286,225,197,59,56,58,54,65,55,29,53,0,332,327,291,7,483,209,189,62,82,62,63,0,0,0,72,0,0,0]} 1. e4 g6 2. d4 Bg7 3. Nc3 d6 4. f4 a6 5. Nf3 b5 6. Bd3 Bb7 7. a4 {B06: Modern Defence.} b4 8. Ne2 Nf6 9. Ng3 {White is better.} (9. e5 $5 {[%cal Re5f6]}) 9... O-O 10. O-O c5 11. c3 {[#]} (11. e5 $16) 11... cxd4 $146 ({Predecessor:} 11... Qb6 12. a5 Qc7 13. cxb4 cxb4 14. Qe1 b3 15. Ra3 Nfd7 16. Be3 d5 17. Rxb3 dxe4 18. Nxe4 {0-1 (52) Argote Heredia,V (2140)-Escobar Medina,A (2296) Sitges 2019}) 12. cxd4 d5 (12... Nc6 $11 {keeps the balance.}) 13. e5 $16 Ne4 14. f5 $1 Nxg3 15. hxg3 Nc6 16. Be3 Qb6 17. Qd2 Na5 {White should prevent ...Nb3.} 18. Qe2 Rac8 $2 (18... Nc4 $16) 19. Ng5 $1 $18 Nc4 20. Bf2 $2 (20. fxg6 $18 {and White stays clearly on top.} fxg6 21. Rxf8+ {[%mdl 64] Overworked Piece} Rxf8 22. Bxc4 dxc4 23. Qxc4+ e6 24. Nxe6) 20... h6 (20... Bh6 $142 21. Nf3 Rc6) 21. fxg6 $1 $16 fxg6 ({Don't blunder} 21... hxg5 $2 22. Qh5 $18) 22. Nh3 g5 23. Rac1 Qe6 $2 (23... a5 $16) 24. b3 Na5 {[#]} 25. Bc2 ({Better is} 25. Bb1 $1 $18) 25... Rc3 $14 26. Be1 Rxf1+ $1 ({Much weaker is} 26... Nxb3 27. Rxf8+ Kxf8 28. Bxc3 $16) 27. Qxf1 Nxb3 28. Bxc3 Nxc1 29. Bxb4 (29. Qxc1 $14 bxc3 30. Qa3) 29... Na2 $2 {[%mdl 8192]} (29... Qg4 $11 30. Kh2 Ne2) 30. Bd2 $18 Qb6 31. Qd3 $2 (31. Qf5 $18) 31... Nb4 $2 {[%mdl 8192]} (31... Bxe5 $1 $11 {and Black stays safe.} 32. Kh2 Bxd4) 32. Bxb4 (32. Qh7+ $142 Kf8 33. Qf5+ Ke8 34. Qg6+ Qxg6 35. Bxg6+ Kd8 36. Bxb4) 32... Qxb4 {[#]} 33. Qh7+ (33. Kh2 $1 $18 e6 34. Nf2 (34. Qg6 Qe7 $14)) 33... Kf8 $14 34. Qf5+ Ke8 $1 35. Qg6+ (35. Nf2 $14) 35... Kf8 $11 36. Qf5+ (36. Kh2 $11 Qxd4 37. Qf5+ Ke8 38. Qg6+ {[%mdl 64] Double Attack} Kf8 39. Bf5 Bxe5 40. Be6 Bxg3+ 41. Kxg3) 36... Ke8 $1 $16 37. Qg6+ ({White should play} 37. Nf2 $16) 37... Kf8 $11 38. Qf5+ {Accuracy: White = 47%, Black = 60%.} 1/2-1/2

[Event "47th GER-ch Blitz 2020"]
[Site "Magdeburg"]
[Date "2020.08.15"]
[Round "13.5"]
[White "Dobrikov, Marco"]
[Black "Langrock, Hannes"]
[Result "1/2-1/2"]
[WhiteElo "2290"]
[BlackElo "2346"]
[Annotator "TA"]
[PlyCount "86"]
[EventDate "2020.07.28"]
[EventType "tourn"]
[EventCountry "GER"]
[SourceTitle "playchess.com"]
[Source "ChessBase"]
[SourceQuality "1"]

{[%evp 19,86,-8,0,0,6,0,-3,-55,-58,-66,-60,-77,-78,-130,-119,-159,-147,-194,-193,-221,-181,-236,-155,-212,-175,-182,-186,-218,-142,-172,-171,-183,-171,-188,-153,-139,-113,-212,-221,-240,-234,-315,-234,-290,-245,-272,-152,-193,-93,-99,-10,-141,-133,-395,-280,-820,189,0,0,0,0,0,0,0,0,4,35,0,0]} 1. e4 c5 2. Nf3 e6 3. d4 cxd4 4. Nxd4 Nf6 5. Nc3 Nc6 6. Be3 Bb4 7. Bd3 d5 8. exd5 Nxd5 9. Nxc6 bxc6 10. Bd2 O-O 11. O-O {B45: Sicilian Four Knights.} Rb8 12. Qh5 {[%csl Gd3][%cal Rh5h7] [#]} g6 {[#]} 13. Qe5 $146 ({White should play} 13. Qf3 $11) ({Predecessor:} 13. Qf3 Be7 14. Rab1 Bf6 15. Bh6 Re8 16. Ne4 Be7 17. a3 f5 18. Nd2 e5 19. Bc4 {0-1 (36) De Loughry,D-Lengyel,L Varna 1962}) 13... Bd6 $15 14. Qd4 Qc7 15. Nxd5 ({Much worse is} 15. Bh6 Bxh2+ 16. Kh1 Be5 $17) 15... cxd5 16. g3 ({White should try} 16. Rae1) 16... Be5 $36 {[%mdl 2048] Black is on the roll.} 17. Qh4 Rxb2 18. Rfe1 Bg7 19. Bh6 {Hoping for Bxg7.} Qc3 20. a4 (20. Bxg7 $142 Kxg7 21. Qe7) 20... Rb4 21. Qg5 (21. Bxg7 $17 Kxg7 22. Qe7) 21... Bd7 22. Bxg7 Kxg7 23. a5 Qf6 24. Qd2 Rfb8 25. h4 h5 26. a6 R4b6 27. Qe3 Rc8 28. Qd2 (28. Rab1 $17 d4 29. Qe2) 28... Bb5 $19 29. Bxb5 Rxb5 30. Qe3 Rb6 31. Qd3 Rcc6 32. Reb1 Rxb1+ (32... Rb2 $19 33. Rxb2 Qxb2 {[%mdl 64] Double Attack}) 33. Rxb1 {[%mdl 4096] Endgame KQR-KQR} Qe5 (33... Rc3 $19 {and Black stays clearly on top.} 34. Qd2 Ra3) 34. Rb7 $17 Rc7 (34... Rc3 $17 35. Qd2 Ra3 36. Rxa7 Qa1+ 37. Kg2 Rxa6 38. Rxa6 Qxa6 39. Qd4+ Kg8) 35. Qb3 (35. Rxc7 $11 {remains equal.} Qxc7 36. Qd4+ Kh7 37. Kg2) 35... Rc3 36. Qb2 $2 {[%mdl 8192]} (36. Qa4 $17 {was necessary.}) 36... d4 {aiming for ...Qe1+.} 37. Rxa7 $2 (37. Qb1) 37... Qc5 $4 {[%mdl 8192] [#]} (37... Qe1+ $19 38. Kg2 Qe4+ 39. Kg1 Rxc2) 38. Qb7 $2 ({White has to play} 38. Qb8 $1 $18) 38... Qf5 $1 $11 39. Qd7 d3 40. Qd4+ $1 {[%mdl 64] Double Attack} Qf6 41. Qxf6+ Kxf6 42. cxd3 Rxd3 43. Kg2 Ra3 {Accuracy: White = 30%, Black = 48%.} 1/2-1/2

[Event "47th GER-ch Blitz 2020"]
[Site "Magdeburg"]
[Date "2020.08.15"]
[Round "13.6"]
[White "Frischmann, Rick"]
[Black "Holtel, Jasper"]
[Result "0-1"]
[WhiteElo "2347"]
[BlackElo "2305"]
[Annotator "TA"]
[PlyCount "116"]
[EventDate "2020.07.28"]
[EventType "tourn"]
[EventCountry "GER"]
[SourceTitle "playchess.com"]
[Source "ChessBase"]
[SourceQuality "1"]

{[%evp 13,116,0,-1,-4,26,26,39,-7,0,-23,-12,-140,-32,-106,-110,-106,-115,-121,-129,-114,-122,-133,-137,-133,-117,-132,-114,-114,-118,-185,-182,-180,-170,-177,-174,-161,-45,-223,-123,-125,-125,-136,-129,-145,-109,-121,-104,-160,-155,-153,-120,-120,0,0,0,0,0,-413,-127,-133,-3,-8,0,0,0,-96,0,-21,-28,-97,-28,-133,-124,-141,-16,-105,0,-8,0,-271,-258,-259,-260,-271,-271,-700,-633,-1168,-566,-826,-414,-414,-407,-1223,-405,-400,-400,-385,-368,-29981,-29982,-29982,-29983,-29983,-29984]} 1. e4 Nf6 2. e5 Nd5 3. d4 d6 4. Bc4 Nb6 5. Bb3 dxe5 6. Qh5 e6 7. dxe5 a5 {aiming for ...a4.} 8. a3 {B03: Alekhine's Defence: Four Pawns Attack.} a4 9. Ba2 Nc6 10. Nf3 {White is slightly better.} g6 11. Qg4 {[#]} Ra5 $146 ({Predecessor:} 11... h6 12. O-O Bg7 13. Re1 Ra5 14. Nc3 Nxe5 15. Nxe5 Rxe5 16. Bf4 Rxe1+ 17. Rxe1 O-O {½-½ (38) Podetti,D (1830)-Motola,J (2063) Milan 2014}) 12. Bf4 (12. Qe4 $11) 12... Bg7 (12... Nd4 $17 13. Nxd4 Qxd4) 13. Qg3 (13. Nc3 $15) 13... Nd4 $36 {[%mdl 2048] Black is in control.} 14. Nxd4 Qxd4 {[%mdl 64] Double Attack} 15. O-O Bxe5 16. Bxe5 Qxe5 ({Much weaker is} 16... Rxe5 $6 17. Nc3 $15) 17. Nc3 Qxg3 18. hxg3 O-O 19. Rad1 e5 20. Ne4 Bf5 21. Ng5 (21. Rfe1 $17 {might work better.}) 21... h6 $19 ({Worse is} 21... Bxc2 22. Rc1 $15) 22. Nf3 Bxc2 23. Rc1 Bd3 24. Rfd1 e4 (24... Be2 $19 25. Rd2 Bxf3 26. gxf3 c6) 25. Ne1 $2 (25. Rxc7 $15 Rb5 26. Rd2) 25... c6 (25... Rb5 $1 $19 26. Rxc7 Rxb2) 26. Nxd3 $17 exd3 27. Rxd3 Re8 28. Rcd1 Rae5 29. Kf1 Kg7 30. Rd8 (30. Rd4 $142) 30... Rxd8 31. Rxd8 {[%mdl 4096] Endgame KRB-KRN} Re7 32. Rd4 Re5 (32... Rd7 $17 33. Re4 Rd1+ 34. Re1 Rxe1+ 35. Kxe1 Kf6) 33. Rb4 $11 Rb5 34. Rxb5 cxb5 {KB-KN} 35. b3 $2 {[%mdl 8192] [#]} (35. Ke1 $11 {and White stays safe.}) 35... Kf6 $2 (35... b4 $1 $19 {[%mdl 512]} 36. bxa4 (36. axb4 a3) 36... bxa3) 36. Ke2 {[#]} Ke7 (36... b4 $1 $17 {[%mdl 512] And now ...Nd5 would win.} 37. axb4 Nd5 38. bxa4 Nc3+ {[%mdl 64] Double Attack} 39. Kd3 Nxa2) 37. Kd3 f6 38. Kd4 Kd6 39. f4 {[#]} (39. bxa4 $11 {remains equal.} bxa4 40. Bb1) 39... Nd7 (39... b4 $1 $17 {[%mdl 512]} 40. bxa4 (40. axb4 a3) 40... bxa3) 40. bxa4 bxa4 41. Bb1 (41. Bf7 $11) 41... g5 ({Black should play} 41... f5 $17) 42. Bd3 (42. Kc4 $11 {keeps the balance.}) 42... Nc5 $17 43. Bb5 b6 (43... f5 $1 $17 {Threatens to win with ...g4.} 44. Be8 g4) 44. Be8 (44. fxg5 $1 $11 hxg5 45. g4) 44... Nd7 ({Better is} 44... f5 $17 45. fxg5 hxg5) 45. Bg6 b5 {Hoping for ...Nb8.} 46. Bd3 $2 {[%mdl 8192]} (46. Be8 $11 {and White has nothing to worry.} b4 47. axb4) 46... Kc6 $19 47. Be4+ Kb6 $1 48. Bc2 Nc5 49. Kd5 $2 (49. Bd1) 49... Nb3 50. Kd6 {[#]} Ka5 (50... b4 $142 $1 {[%mdl 512]} 51. axb4 Kb5) 51. Ke7 b4 52. axb4+ Kxb4 53. Kxf6 (53. f5 $142 Kc3 54. Bb1) 53... a3 (53... Kc3 $142 54. Bb1 Kb2) 54. Bb1 {[#]} Kc3 $1 55. f5 {intending Kg6.} Kb2 56. Kg6 $2 (56. Ba2 $19) 56... Kxb1 {Black mates.} 57. f6 Nc5 58. f7 Nd7 {Accuracy: White = 43%, Black = 50%.} 0-1

[Event "47th GER-ch Blitz 2020"]
[Site "Magdeburg"]
[Date "2020.08.15"]
[Round "13.7"]
[White "Meier, Georg"]
[Black "Voege, Tobias"]
[Result "1-0"]
[WhiteElo "2621"]
[BlackElo "2326"]
[Annotator "TA"]
[PlyCount "33"]
[EventDate "2020.07.28"]
[EventType "tourn"]
[EventCountry "GER"]
[SourceTitle "playchess.com"]
[Source "ChessBase"]
[SourceQuality "1"]

{[%evp 14,33,35,32,73,31,45,45,47,47,42,53,139,51,51,35,116,0,423,416,419,414]} 1. Nf3 c5 2. g3 g6 3. c3 Bg7 4. d4 cxd4 5. cxd4 Nf6 6. Nc3 O-O 7. Bg2 d6 8. O-O Nbd7 {A46: 1 d4 Nf6 2 Nf3 e6: Torre, London and Colle Systems.} 9. h3 $5 {[%mdl 4] [#] An interesting side line.} Rb8 $146 ({Predecessor:} 9... e5 10. dxe5 dxe5 11. Qb3 Qe7 12. Be3 h6 13. Rac1 a6 14. Rfd1 Re8 15. Nh4 Nf8 16. Nd5 Nxd5 {1-0 (36) Luckow,R-Kock,H (2235) Osterroenfeld 1996}) 10. a4 b6 {White is slightly better.} 11. d5 Bb7 12. Nd4 a6 (12... Rc8 $14) 13. Bf4 (13. Nc6 $16 Bxc6 14. dxc6) 13... Rc8 $14 14. Rc1 Rxc3 (14... Ne5 $14) 15. bxc3 (15. Rxc3 $16 {Hoping for Nc6.} Nxd5 16. Bxd5 Bxd5 17. Nc6 Bxc6 18. Rxc6) 15... Bxd5 $2 {[%mdl 8192] [#]} (15... Nxd5 $11 {and Black has nothing to worry.} 16. Bxd5 Bxd5) 16. Bxd5 $18 Nxd5 17. Nc6 $1 {[%csl LRd5,LRd8][%mdl 64] Discovered Attack. Accuracy: White = 67%, Black = 31%.} 1-0